书目信息 |
| 题名: |
现代新潮传感器应用手册
|
|
| 作者: | 杨帮文 编 | |
| 分册: | ||
| 出版信息: | 北京 机械工业出版社 2006.01 |
|
| 页数: | 13, 531页 | |
| 开本: | 26cm | |
| 丛书名: | ||
| 单 册: | ||
| 中图分类: | TP212-62 | |
| 科图分类: | ||
| 主题词: | 传感器--chuan gan qi--手册 | |
| 电子资源: | ||
| ISBN: | 7-111-17625-1 | |
| 000 | 00791nam0 2200217 450 | |
| 001 | 012006842140 | |
| 005 | 20060522104539.28 | |
| 010 | @a7-111-17625-1@dCNY58.00 | |
| 100 | @a20060506d2006 km y0chiy0120 ea | |
| 101 | 0 | @achi |
| 102 | @aCN@b110000 | |
| 105 | @aa z 000yy | |
| 200 | 1 | @a现代新潮传感器应用手册@Axian dai xin chao chuan gan qi ying yong shou ce@f杨帮文编@Fyang bang wen bian |
| 210 | @a北京@c机械工业出版社@d2006.01 | |
| 215 | @a13, 531页@c图@d26cm | |
| 330 | @a本书介绍了我国各行业最近几年所需现代传感器,以产品为主线,介绍了压力传感器、荷重传感器、电量传感器、智能数字式传感器等各种型号传感器。 | |
| 606 | 0 | @a传感器@Achuan gan qi@j手册 |
| 690 | @aTP212-62@v4 | |
| 701 | 0 | @a杨帮文@Ayang bang wen@4编 |
| 801 | 0 | @aCN@bQSSK@c20060522 |
| 905 | @a10447@dTP212-62@eY147 | |
| 现代新潮传感器应用手册/杨帮文编.-北京:机械工业出版社,2006.01 |
| 13, 531页:图;26cm |
| ISBN 7-111-17625-1:CNY58.00 |
| 本书介绍了我国各行业最近几年所需现代传感器,以产品为主线,介绍了压力传感器、荷重传感器、电量传感器、智能数字式传感器等各种型号传感器。 |
| ● |
| 相关链接 |
|
|
|
正题名:现代新潮传感器应用手册
索取号:TP212-62/Y147
 
预约/预借
| 序号 | 登录号 | 条形码 | 馆藏地/架位号 | 状态 | 备注 |
| 1 | 580097 | 205800971 | 自科库301/301自科库 40排3列1层/ [索取号:TP212-62/Y147] | 在馆 | |
| 2 | 580098 | 205800980 | 自科库301/301自科库 40排3列1层/ [索取号:TP212-62/Y147] | 在馆 | |
| 3 | 580099 | 205800999 | 期刊室512/301自科库 70排2列4层/ [索取号:TP212-62/Y147] | 在馆 |